00371nam a22001337a 450000500170000000800410001702000080005804100080006608200150007410000400008924500640012926000360019330000080022920180201121019.0160427b xxu||||| |||| 00| 0 eng d aN/A aeng b00390a004 aSyed, Shakil Ahmed and raheja rajiv aA Guide to Information Technology (Cyber Laws & E-commerce) aDelhibCapital Law House c2001 a346